| 000 | 00592cam a2200193 a 4500 | ||
|---|---|---|---|
| 001 | 000008483 | ||
| 005 | 20200929161341.0 | ||
| 008 | 971002s1986 nq 000 f spa | ||
| 040 |
_aDO-SdBNP _cDLC |
||
| 082 |
_aN863.44 _bCH512t |
||
| 100 | 1 |
_aChávez Alfaro, Lizandro, _d1929- _922451 |
|
| 245 | 1 | 0 |
_aTragame tierra / _cLizandro Chávez Alfaro. |
| 250 | _a5a ed. | ||
| 260 |
_aManagua : _bMinisterio Libre, _c1986. |
||
| 300 |
_a282 p. ; _c23 cm. |
||
| 650 | 4 |
_aNovela nicaraguense _ySIGLO XX Y XXI _922797 |
|
| 650 | 4 |
_aLiteratura nicaraguense _98180 |
|
| 910 | _aCatalogación original noche | ||
| 999 |
_c8254 _d8254 |
||